000 00395nam a22001217a 4500
008 230612b xxu||||| |||| 00| 0 eng d
082 _a354.676
_bGOK
100 _cGOK
245 _a2011/2012 Estimates of Recurrent Expenditure of the GOK for the Year Ending 30th June, 2012
_bVolume 1
_cVotes R1-R17
_hJune 2011
260 _aNairobi, Kenya
_bGOK
_cJune 2011
300 _a652p, xix
942 _2ddc
_cBK
999 _c1107
_d1107